Фермата (Запис номер 153934)
[ съкратено ]
| 000 -Лидер | |
|---|---|
| Контролно поле с фиксирана дължина | 01783nam a2200409 c 4500 |
| 003 - Код на организацията, давaща контролен номер | |
| Контролно поле | BLK |
| 005 - Дата и час на последна редакция | |
| Контролно поле | 20180422113245.0 |
| 008 - Елементи от данни с фиксирана дължина | |
| fixed length control field | 180410b bul|||||r ||||||| ||bul|| |
| 010 ## - Наследен системен номер | |
| LC control number | KNG00160500000 |
| 020 ## - Международен стандартен номер на книга ISBN | |
| Международен стандартен номер на книга ISBN | 978-619-7022-01-8 |
| -- | издат.: Джи би груп |
| 040 ## - Източник на каталожния запис | |
| Идентификатор на билиотеката - собственик на записа | BLK |
| 041 ## - Код за език | |
| Код за езика на текст/звукозапис или на отделно заглавие | Български |
| Код за езика КДБФ | Български |
| 072 #7 - Код за тематичната категория | |
| Код организация | bullib |
| Код за тематична категория | Н86 |
| Текст | Детска отраслова литература Н |
| 080 ## - УДК | |
| Текстов определител УДК | Издания за деца и юноши. Книжки-картинки. Читанки. Вж и 372.4 |
| УДК код - определител по УДК | 087.5 |
| УДК определител | |
| УДК - код + определител | 087.5 |
| 100 1# - Редна дума - Автор | |
| Автор | Вандевил, Анес |
| Авторска отговорност | първи автор |
| R(LIN) | 45360 |
| 139 ## - Редно поле | |
| Редна дума | Вандевил, Анес |
| Авторски знак | Ван - В 19 |
| 245 10 - Сведения за заглавието | |
| Заглавие | Фермата |
| Подзаглавни данни | 4 - 6 г. |
| Редно поле (дума) | Анес Вандевил; ил. Марсел Женест; прев. Велимира Костадинова Костова-Върлакова; прев. Васил Стефанов Върлаков. |
| 257 ## - Страна на издаване | |
| Страна на създаване/издаване | Франция |
| 260 ## - Област на издателските данни | |
| -- | София |
| Име на издателя, разпространителя и проч. | Джи би груп |
| Година на издаване | 2012 |
| Печатница | Франция |
| 300 ## - Физическа характеристика | |
| Страници | 29 с. |
| Илюстрации и др. | с цв. ил. |
| Размери/Мащаб | 26 см |
| 380 ## - Жанр | |
| Жанр | Детска отраслова лит. |
| 490 1# - СЕРИИ (Колекции) | |
| Име на серия | Въпроси, отговори |
| №: серия | 1 |
| 500 ## - Общи забележки | |
| Забележка | Ориг. загл.: La ferme / Agnes Vandewiele. |
| 650 #4 - Допълнително описание по предмет – тема | |
| Основно описание – тема или топоним | Книжки-картинки |
| 9 (RLIN) | 267880 |
| 653 ## - Ключова дума – ненормативна | |
| Ключова дума | книжки-картинки |
| 653 ## - Ключова дума – ненормативна | |
| Ключова дума | ферми |
| 653 ## - Ключова дума – ненормативна | |
| Ключова дума | селскостопански животни |
| 659 ## - Тематичен бюлетин | |
| Тематичен бюлетин | Н |
| 700 1# - Други автори (авторска отговорност) | |
| Лично име | Женест, Марсел |
| Автороска отговорност (Описва отношението между автора и произведението) | ил. |
| 9 (RLIN) | 68317 |
| 700 1# - Други автори (авторска отговорност) | |
| Лично име | Костова-Върлакова, Велимира Костадинова |
| Автороска отговорност (Описва отношението между автора и произведението) | прев. |
| 9 (RLIN) | 370076 |
| 700 1# - Други автори (авторска отговорност) | |
| Лично име | Върлаков, Васил Стефанов |
| Автороска отговорност (Описва отношението между автора и произведението) | прев. |
| 9 (RLIN) | 332246 |
| 852 ## - Местоположение | |
| Форматна сигнатура | Цб ІІ 19928 |
| 856 4# - Електронен адрес и достъп | |
| Електронен формат | pdf - файл |
| Път до файла /url/ | |
| 856 4# - Електронен адрес и достъп | |
| Електронен формат | pdf - файл |
| Път до файла /url/ | |
| 942 ## - АРТИКУЛИ | |
| Вид на библиотечния материал | Книги |
| Скрит в OPAC | Не |
| 944 ## - СЪЗДАВАНЕ И РЕДАКЦИЯ на ЗАПИСА | |
| Създаване/Редакция | Създаване |
| Дата на регистрацията/редакция | 12.05.2014 |
| Служител, извършил регистрацията/редакцията | Виолета_Тройчева |
| 944 ## - СЪЗДАВАНЕ И РЕДАКЦИЯ на ЗАПИСА | |
| Създаване/Редакция | Редакция |
| Дата на регистрацията/редакция | 21.01.2015 |
| Служител, извършил регистрацията/редакцията | Грета_Цуфелде |
| 999 ## - СИСТЕМНИ КОНТРОЛНИ НОМЕРА | |
| Koha biblionumber | 153934 |
| Koha biblioitemnumber | 153934 |
| Код за отписване | Код за изгубен артикул | Код за повреда | Коз за рестрикции | Код за отдаване | Артикулен № | Име на библиотеката - собственик | Име на библиотеката, в която се намира в момента | Статус (Текущо местоположение) | Дата на вписване в системата | Местоположение - отдел | Цена в лева | Инвентарен номер | Систематично азбучна сигнатура | Баркод | Номер на екземпляра | Цена в евро | Служебна бележка | Служебен тип на артикула |
|---|---|---|---|---|---|---|---|---|---|---|---|---|---|---|---|---|---|---|
| Не е изгубен | Не е повреден | без рестрикции | ползва се в читалня | 258048 | Регионална библиотека "Любен Каравелов" Русе | Регионална библиотека "Любен Каравелов" Русе | Хранилище | 2014-05-09 | Хранилище | 8.00 | 120000777193 | Цб ІІ 19928 | 120000777193 | 1 | 4.09 | Дост: Dp Вид: Д N: 25 Дата: 10.06.2013 | Книги |